书目信息 |
| 题名: |
机织学
|
|
| 作者: | 包玫 编 | |
| 分册: | 下册 | |
| 出版信息: | 北京 纺织工业出版社 1986 |
|
| 页数: | 329页 | |
| 开本: | 26cm | |
| 丛书名: | ||
| 单 册: | ||
| 中图分类: | TS105.1 | |
| 科图分类: | ||
| 主题词: | 机织--专业学校--教材 | |
| 电子资源: | ||
| ISBN: | 15041.1397 | |
| 000 | 00632nam0 2200241 450 | |
| 001 | 0186002369 | |
| 005 | 20100712221509.0 | |
| 010 | @a15041.1397@dCNY3.10 | |
| 091 | @a15041.1397 | |
| 100 | @a19901014d1986 em y0chiy0110 ea | |
| 101 | 0 | @achi |
| 102 | @aCN@b110000 | |
| 105 | @ay z 000yy | |
| 106 | @ar | |
| 200 | 1 | @a机织学@9Ji Zhi Xue @f包玫编@h下册 |
| 210 | @a北京@c纺织工业出版社@d1986 | |
| 215 | @a329页@d26cm | |
| 300 | @a中等纺织专业学校教材 | |
| 606 | 0 | @a机织@x专业学校@x教材 |
| 690 | @aTS105.1@v3 | |
| 701 | 0 | @a包玫@9bao mei@4编 |
| 801 | 0 | @aCN@b91MARC@c20130904 |
| 905 | @aBZT@dTS105.1@e9:2@f1@sTS105.1/9:2 | |
| 机织学/包玫编.下册.-北京:纺织工业出版社,1986 |
| 329页;26cm |
| 中等纺织专业学校教材 |
| ISBN 15041.1397:CNY3.10 |
| ● |
| 相关链接 |
|
|
|
正题名:机织学
索取号:TS105.1/9:2
 
预约/预借
| 序号 | 登录号 | 条形码 | 馆藏地/架位号 | 状态 | 备注 |
| 1 | 2000088366 | 2000088366 | 旧书回溯/ [索取号:TS105.1/9:2] | 在馆 |